| 000 | 00603nam a2200181Ia 4500 | ||
|---|---|---|---|
| 003 | GCL | ||
| 008 | 140319s9999 xx 000 0 ara d | ||
| 040 |
_aGCL / _cGCL |
||
| 082 | 0 | 4 |
_a398.9 _bز ا |
| 100 | 1 | _aزاهى ناضر | |
| 245 | 1 | 0 |
_aامثالنا العامية: مدخل الى دراسة الذهنية الشعبية / _cزاهى ناضر |
| 300 | _a426 ص | ||
| 490 |
_aالهيئة العامة للاستعلامات _v0 |
||
| 650 | 0 | 4 | _aالامثال العامية العربية |
| 650 | 0 | 4 | _aالادب الشعبى |
| 650 | 0 | 4 | _aالامثال العامية |
| 942 |
_2ddc _cBK |
||
| 999 |
_c51822 _d51822 |
||